LEADER 00553nac# 22001691i 450 001 UON00102918 005 20231205102601.744 100 $a20020107f1900 |0itac50 ba 102 $aGB 105 $a|||| ||||| 110 $ab|||||||||| 200 1 $aUnited kingdom 463 1$1001UON00102912$12001 $aEssentials of reconstruction in China$fE.M. Gull$1210 $aLondon$cThe Royal Institute of International Affairs$d1947$1215 $a63 p.$d23 cm$v002 801 $aIT$bSOL$c20240220$gRICA 912 $aUON00102918 996 $aUnited Kingdom$92670239 997 $aUNIOR